000 ncm a22 a 4500
999 _c322400
_d322400
003 BLK
005 20200512150959.0
008 180414b bul |a|er|||| |0| c|bulo|
010 _aNOT00004161000
040 _aBLK
041 _aBUL
_cBUL
080 _aКамерна вок. муз. Песни, балади, арии, романси
_b784.3
_z784.3
080 _aВокални произведения за един глас
_b78.087.61
_z78.087.61
100 1 _aПопов, Тодор
_eпърви автор
_9368444
139 _aПопов, Тодор
_bП 76
245 1 0 _aСолови песни за глас и пиано
_cТодор Попов; * Popov. Todor.
246 1 1 _aПесни для голоса и фортепиано
246 1 1 _aSolo Songs for voice and Piano
254 _aКлавир
257 _aBGR
260 _bНаука и изкуство
_c1968
_aСофия
300 _a100 с.
_c31 см
380 _a7
505 _tЖени ма, майчу
505 _tОт мен ти изнин, юначе
505 _tКарай ма, майчинку
505 _tСнощи съм госте имала
505 _tЛибе ле, немой запява
505 _rтекст Камен Зидаров.
_tЛюлчева песен
505 _rтекст Елисавета Багряна.
_tСонет
505 _rтекст Блага Димитрова.
_tПред рлолет
505 _rтекст Иван Давидков.
_tПролетна песен
505 _rтекст Михаил Маринов.
_tМой гълъбе бял
505 _rтекст Христо Радевски.
_tСън
505 _rтекст Първан Стефанов.
_tНад люлката
505 _rтекст Веселин Ханчев.
_tРазтревожи ме ти, безсърдечен
505 _rтекст Пенчо Петков Славейков.
_tНи лъх не дъхва над полени
505 _rтекст Асен Разцветников.
_tСамотност
505 _rтекст Христо Ясенов.
_tПробудна песен
505 _rтекст Крум Пенев.
_tБалада
505 _rтекст Иван Бурин.
_tЮжният вятър
505 _r Станислав Вихров.
_tТишина
505 _rтекст Цветан Ангелов.
_tЗима
650 4 _aСоло пеене
_9361571
653 _aсолови песни
700 1 _aPopov. Todor
_e*
_9363254
852 _aЦб М ІІ 4860
_bЦб
856 4 _qpdf
_u
856 4 _qpdf
_u
942 _cNOT
_n0
_s1
944 _aCR
_c18.11.2017
_kИрена_Линкова
944 _aED
_c2020-05-12
_kРенета Константинова
999 _d322400